| 000 | 00987nam a22003137a 4500 | ||
|---|---|---|---|
| 001 | BR7907412 | ||
| 003 | BR-BrBNA | ||
| 005 | 20230928090247.0 | ||
| 007 | ta | ||
| 008 | 230509b bl.||||| |||| 00| 0 por d | ||
| 040 |
_aBR-BrBNA _bpor _cBiblioteca Nacional de Agricultura |
||
| 041 | _a(Por) | ||
| 072 |
_aL00; E15; E30 _b5212 _b9702 _b/G514 |
||
| 090 | _ 5212 BR7907412 | ||
| 110 | 1 | _aCooperativa Regional Agro-Pecuaria Languiru Ltda., Estrela, RS (Brasil) | |
| 245 | 1 | _aPrograma de terneiro estabulado para producao de 10.000 toneladas de carne por ano da Cooperativa Regional Agro-Pecuaria Lanquiru Ltda. [Estrela, Rio Grande do Sul, Brasil] | |
| 260 | 3 |
_aEstrela, RS (Brasil): _c1979. |
|
| 300 | _a9 p. | ||
| 650 | _aBEZERRO | ||
| 650 | _aBOVINO | ||
| 650 | _aCARNE | ||
| 650 | _aESTABULACAO | ||
| 650 | _aPRODUCAO ANIMAL | ||
| 650 | _aCOOPERATIVA | ||
| 650 | _aASSISTENCIA TECNICA | ||
| 650 | _aORCAMENTO | ||
| 909 |
_a202309 _bLucia _c55 _dLucia Elande |
||
| 942 | _cBK | ||
| 999 |
_c28229 _d28229 |
||